000 00582nam a2200181 i 4500
001 74987
003 ES-MaACL
005 20230906172316.0
007 t|
008 040921s1964 sp ||||1| spa d
100 1 _aGotor Clemente, Miguel.
_959285
245 1 3 _aEl autogobierno de la comunidad
_b: (sistema cĂ­vico de gobierno, Pandemocracia) /
_cMiguel Gotor Clemente.
260 _aZaragoza :
_b[s.n.,
_c1964] (
_fLitos)
300 _a189 p. ;
_c16 cm.
852 _aES-MaACL
_jC-24722
_bR.53409
852 _aES-MaACL
_jC-25667
_bR.54112
852 _aES-MaACL
_jC-25672
_bR.54112
999 _c74987
_d74987